Statistics for F/GO Fate Grand Order servants list (NA)

Click here to take the quiz!

General Stats

  • This quiz has been taken 49 times
    (26 since last reset)
  • The average score is 67 of 336

Answer Stats

IdClassName of the Servant% Correct
2SaberArtoria Pendragon
89%
240BeastBeast III/L
89%
1ShielderMashu Kyrielight
74%
47BerserkerHeracles
68%
59RulerJeanne d'Arc
68%
168BeastBeast III/R
63%
17LancerCú Chulainn
63%
12ArcherGilgamesh
63%
206RiderAchilles
58%
3SaberArtoria Pendragon (Alter)
53%
11ArcherEMIYA
53%
123SaberGawain
53%
239AssassinKama
53%
48BerserkerLancelot
53%
196LancerEreshkigal
47%
142ArcherIshtar
47%
127CasterLeonardo Da Vinci
47%
5SaberNero Claudius
47%
68SaberOkita Sōji
47%
152CasterSolomon
47%
8SaberAltera
42%
94RiderAstolfo
42%
166Moon CancerBB
42%
143LancerEnkidu
42%
32CasterGilles de Rais
42%
151BeastGoetia
42%
106AvengerJeanne d'Arc (Alter)
42%
31CasterMedea
42%
23RiderMedusa
42%
76SaberMordred
42%
309BerserkerMorgan
42%
13ArcherRobin Hood
42%
39AssassinSasaki Kojirō
42%
122ArcherTristan
42%
284CasterArtoria Caster
37%
207ArcherChiron
37%
98BerserkerCú Chulainn (Alter)
37%
157ArcherEMIYA (Alter)
37%
82BerserkerFrankenstein
37%
254SaberJason
37%
85LancerKarna
37%
150CasterMerlin
37%
86AssassinMysterious Heroine X
37%
69ArcherOda Nobunaga
37%
302SaberSenji Muramasa
37%
173RulerSherlock Holmes
37%
27RiderUshiwakamaru
37%
16ArcherArash
32%
84ArcherArjuna
32%
14ArcherAtalanta
32%
311ArcherBaobhan Sith
32%
310SaberBarghest
32%
126SaberBedivere
32%
96AvengerEdmond Dantès
32%
7SaberGaius Julius Caesar
32%
75AssassinJack the Ripper
32%
314AssassinKoyanskaya of Light
32%
312LancerMélusine
32%
153SaberMiyamoto Musashi
32%
60ArcherOrion
32%
22LancerRomulus
32%
208CasterSieg
32%
6SaberSiegfried
32%
83CasterSolomon (Enemy)
32%
36CasterWolfgang Amadeus Mozart
32%
93RulerAmakusa Shirō
26%
201CasterAnastasia
26%
107AvengerAngra Mainyu
26%
204AvengerAntonio Salieri
26%
247BerserkerArjuna (Alter)
26%
119LancerArtoria Pendragon (Lancer)
26%
78LancelotArtoria Pendragon (Lancer Alter)
26%
4SaberArtoria Pendragon (Lily)
26%
220Moon CancerBB (Summer)
26%
259AssassinCharlotte Corday
26%
71LancerDiarmuid Ua Duibhne
26%
223SaberDiarmuid Ua Duibhne (Saber)
26%
18LancerElizabeth Báthory
26%
15ArcherEuryale
26%
145CasterGilgamesh (Caster)
26%
64LancerHector
26%
216ArcherJeanne d'Arc (Archer)
26%
321AvengerKama (Avenger)
26%
198ForeignerKatsushika Hokusai
26%
334ForeignerKoyanskaya of Darkness
26%
253RiderLeonardo Da Vinci (Rider)
26%
163Alter EgoMeltryllis
26%
114Berserker <3Minamoto no Raikō
26%
212ArcherNapoléon
26%
90SaberNero Claudius (Bride)
26%
97BerserkerNightingale
26%
316PretenderOberon
26%
209Alter EgoOkita Sōji (Alter)
26%
189AssassinOsakabehime
26%
164Alter EgoPassionlip
26%
70LancerScáthach
26%
149BeastTiamat
26%
295ForeignerVan Gogh
26%
281ForeignerVoyager
26%
34CasterWilliam Shakespeare
26%
246ArcherWilliam Tell
26%
195ForeignerAbigail Williams
21%
129ArcherArtoria Pendragon (Archer)
21%
265RulerArtoria Pendragon (Ruler)
21%
203CasterAvicebron
21%
279LancerCaenis
21%
258CasterChen Gong
21%
20LancerCú Chulainn (Prototype)
21%
256LancerGareth
21%
104CasterGeronimo
21%
9SaberGilles de Rais (Saber)
21%
147AvengerGorgon
21%
40AssassinHassan of the Cursed Arm
21%
110AssassinHassan of the Hundred Faces
21%
335PretenderHephaestion
21%
158AvengerHessian Lobo
21%
108RiderIskandar
21%
156ArcherJames Moriarty
21%
95ArcherKid Gil
21%
121SaberLancelot (Saber)
21%
320RulerLeonardo Da Vinci (Ruler)
21%
336Alter EgoManannán mac Lir (Bazett)
21%
273RiderMandricardo
21%
30RiderMartha
21%
67CasterMedea (Lily)
21%
261BerserkerMiyamoto Musashi (Berserker)
21%
77ArcherNikola Tesla
21%
294ArcherOda Nobukatsu
21%
118RiderOzymandias
21%
99RiderQueen Medb
21%
144RiderQuetzalcoatl
21%
280LancerRomulus-Quirinus
21%
51BerserkerSakata Kintoki
21%
215CasterScáthach-Skaði
21%
276ArcherSei Shōnagon
21%
323BerserkerSei Shōnagon (Berserker)
21%
112AssassinShuten Dōji
21%
213SaberSigurd
21%
268AvengerSpace Ishtar
21%
50BerserkerSpartacus
21%
272ArcherSuper Orion
21%
303AvengerTaira no Kagekiyo
21%
62CasterTamamo no Mae
21%
103CasterThomas Edison
21%
184SaberTomoe Gozen
21%
305RulerAmor (Caren)
16%
297Alter EgoAshiya Dōman
16%
270SaberAstolfo (Saber)
16%
202BerserkerAtalanta (Alter)
16%
88LancerBrynhildr
16%
287BerserkerBrynhildr (Berserker)
16%
322RiderCaenis (Rider)
16%
269ArcherCalamity Jane
16%
54BerserkerCaligula
16%
319CasterCharlotte Corday (Caster)
16%
278SaberDioscuri
16%
138SaberElizabeth Báthory (Brave)
16%
109AssassinEMIYA (Assassin)
16%
72SaberFergus mac Róich
16%
65RiderFrancis Drake
16%
176SaberFrankenstein (Saber)
16%
33CasterHans Christian Andersen
16%
161BerserkerHijikata Toshizō
16%
292RulerHimiko
16%
186LancerHōzōin Inshun
16%
148LancerJaguar Man
16%
244Moon CancerJinako Carigiri
16%
301SaberKarna (Santa)
16%
264SaberKatsushika Hokusai (Saber)
16%
238Alter EgoKingprotea
16%
56BerserkerKiyohime
16%
227SaberLanling Wang
16%
21LancerLeonidas I
16%
29RiderMarie Antoinette
16%
330CasterMartha (Santa)
16%
45AssassinMata Hari
16%
146LancerMedusa (Lancer)
16%
35CasterMephistopheles
16%
181Lancer <3Minamoto no Raikō (Lancer)
16%
236CasterMiyu Edelfelt
16%
132RiderMordred (Rider)
16%
237CasterMurasaki Shikibu
16%
19LancerMusashibō Benkei
16%
155BerserkerMysterious Heroine X (Alter)
16%
222ForeignerMysterious Heroine XX
16%
296RiderNemo
16%
175CasterNero Claudius (Caster)
16%
193LancerNezha
16%
120CasterNitocris
16%
74CasterNursery Rhyme
16%
178BerserkerOda Nobunaga (Berserker)
16%
277RiderOdysseus
16%
255ArcherParis
16%
183LancerParvati
16%
221SaberQueen Medb (Saber)
16%
101SaberRama
16%
115RiderSakata Kintoki (Rider)
16%
41AssassinStheno
16%
331RiderTaigong Wang
16%
58BerserkerTamamo Cat
16%
128LancerTamamo no Mae (Lancer)
16%
290SaberTomoe Gozen (Saber)
16%
218AssassinUshiwakamaru (Assassin)
16%
214LancerValkyrie
16%
52BerserkerVlad III
16%
113CasterXuanzang Sanzang
16%
289ForeignerAbigail Williams (Summer)
11%
28RiderAlexander
11%
318ArcherAnastasia & Viy
11%
66RiderAnne Bonny & Mary Read
11%
160SaberArthur Pendragon (Prototype)
11%
249CasterAsclepius
11%
53BerserkerAsterios
11%
242RulerAstraea
11%
257RiderBartholomew Roberts
11%
333BeastBeast IV
11%
105ArcherBilly the Kid
11%
26RiderBoudica
11%
46AssassinCarmilla
11%
263RiderCarmilla (Rider)
11%
80CasterCharles Babbage
11%
10SaberChevalier d'Eon
11%
137ArcherChloe von Einzbern
11%
172RiderChristopher Columbus
11%
192CasterCirce
11%
139AssassinCleopatra
11%
230AssassinConsort Yu
11%
288LancerConsort Yu (Lancer)
11%
38CasterCú Chulainn (Caster)
11%
63ArcherDavid
11%
25RiderEdward Teach
11%
326RiderElizabeth Báthory (Cinderella)
11%
61CasterElizabeth Báthory (Halloween)
11%
57BerserkerEric Bloodaxe
11%
87LancerFionn mac Cumhaill
11%
24RiderGeorgios
11%
124AssassinHassan of the Serenity
11%
100CasterHelena Blavatsky
11%
180ArcherHelena Blavatsky (Archer)
11%
116BerserkerIbaraki Dōji
11%
299SaberIbuki Dōji
11%
136CasterIllyasviel von Einzbern
11%
111CasterIrisviel (Dress of Heaven)
11%
182RiderIshtar (Rider)
11%
205RiderIvan the Terrible
11%
327CasterIzumo no Okuni
11%
141LancerJeanne d'Arc Alter Santa Lily
11%
49BerserkerLu Bu Fengxian
11%
130CasterMarie Antoinette (Caster)
11%
135RulerMartha (Ruler)
11%
190Alter EgoMecha Eli-chan
11%
191Alter EgoMecha Eli-chan Mk.II
11%
185AssassinMochizuki Chiyome
11%
266Alter EgoMysterious Alter Ego Λ
11%
271ArcherNightingale (Santa)
11%
210AssassinOkada Izō
11%
267AssassinOkita J Sōji
11%
317SaberOkita Sōji (Saber Alter)
11%
262ArcherOsakabehime (Archer)
11%
174BerserkerPaul Bunyan
11%
44AssassinPhantom of the Opera
11%
194CasterQueen of Sheba
11%
233RulerQuetzalcoatl (Samba/Santa)
11%
231RiderRed Hare
11%
92AssassinRyōgi Shiki (Assassin)
11%
91SaberRyōgi Shiki (Saber)
11%
293SaberSaitō Hajime
11%
211RiderSakamoto Ryōma
11%
260BerserkerSalome
11%
169CasterScheherazade
11%
199AssassinSemiramis
11%
167Alter EgoSesshōin Kiara
11%
285Moon CancerSesshōin Kiara (Moon Cancer)
11%
229RulerShi Huang Di
11%
224Alter EgoSitonai
11%
165SaberSuzuka Gozen
11%
125ArcherTawara Tōta
11%
283LancerUtsumi Erice
11%
298SaberWatanabe no Tsuna
11%
170AssassinWu Zetian
11%
226BerserkerXiang Yu
11%
275ForeignerYang Guifei
11%
131ArcherAnne Bonny & Mary Read (Archer)
5%
179RiderArtoria Pendragon (Rider Alter)
5%
73RiderArtoria Pendragon (Santa Alter)
5%
200ArcherAsagami Fujino
5%
248ArcherAśvatthāman
5%
234SaberBeni-Enma
5%
89BerserkerBeowulf
5%
43AssassinCharles-Henri Sanson
5%
250AvengerDemon King Nobunaga
5%
332RiderDobrynya Nikitich
5%
306BerserkerGalatea
5%
243AssasinGray
5%
315RiderHabetrot
5%
217LancerIbaraki Dōji (Lancer)
5%
286ArcherIllyasviel von Einzbern (Archer)
5%
324ForeignerJacques de Molay
5%
219BerserkerJeanne d'Arc (Berserker Alter)
5%
282BerserkerKijyo Kōyō
5%
134LancerKiyohime (Lancer)
5%
245SaberLakshmibai
5%
235AssassinLi Shuwen
5%
307CasterMiss Crane
5%
291RiderMurasaki Shikibu (Rider)
5%
308ForeignerMysterious Idol X (Alter)
5%
328AvengerMysterious Ranmaru X
5%
252LancerNagao Kagetora
5%
177AssassinNitocris (Assassin)
5%
79CasterParacelsus von Hohenheim
5%
171BerserkerPenthesilea
5%
313LancerPercival
5%
329LancerSakamoto Ryōma (Lancer)
5%
133AssassinScáthach (Assassin)
5%
225CasterShuten Dōji (Caster)
5%
154Assassin"The Old Man of the Mountain"
5%
140LancerVlad III (EXTRA)
5%
187SaberYagyū Munenori
5%
325ArcherZenobia
5%
37CasterZhuge Liang (Lord El-Melloi II)
5%
197ArcherAltera the San(ta)
0%
232LancerBradamante
0%
162BerserkerChacha
0%
55BerserkerDarius III
0%
274RiderEuropa
0%
117AssassinFūma Kotarō
0%
81AssassinHenry Jekyll & Hyde
0%
42AssassinJing Ke
0%
188AssassinKatō Danzō
0%
304AssassinKiichi Hōgen
0%
102LancerLi Shuwen (Lancer)
0%
251BerserkerMori Nagayoshi
0%
228LancerQin Liangyu
0%
241RiderSima Yi (Reines)
0%
300LancerVritra
0%
159AssassinYan Qing
0%

Score Distribution

Percentile by Number Answered

Percent of People with Each Score

Your Score History

You have not taken this quiz since the last reset